aespa Discography - Statistics

General Stats
  • This quiz has been taken 12 times
    9 since last reset
  • The average score is 50 of 71
Answer Stats
Answer % Correct
Black Mamba
100%
Drama
100%
Girls
100%
Hot Mess
100%
Next Level
100%
Rich Man
100%
Savage
100%
Spicy
100%
Armageddon
89%
Dreams Come True
89%
Drift
89%
Flowers
89%
Illusion
89%
Supernova
89%
Welcome to MY World
89%
Whiplash
89%
aenergy
78%
BAHAMA
78%
BLUE
78%
Bored!
78%
Dopamine
78%
Kill It
78%
Life's Too Short
78%
Lucid Dream
78%
Mine
78%
Salty & Sweet
78%
Spark
78%
Thirsty
78%
UP
78%
We Go
78%
Yeppi Yeppi
78%
Angel #48
67%
Better Things
67%
Bubble
67%
Count on Me
67%
Flights, Not Feelings
67%
Forever
67%
ICONIC
67%
ICU
67%
I'll Make You Cry
67%
I'm Unhappy
67%
Just Another Girl
67%
Ketchup and Lemonade
67%
Licorice
67%
Lingo
67%
Long Chat
67%
Melody
67%
Pink Hoodie
67%
Prologue
67%
Set The Tone
67%
'Til We Meet Again
67%
Tornado
67%
To the Girls
67%
Trick or Trick
67%
ZOOM ZOOM
67%
Dark Arts
56%
Dirty Work
56%
Don't Blink
56%
GOOD STUFF
56%
Hold On Tight
56%
Hot Air Balloon
56%
Live My LIfe
56%
Sun and Moon
56%
YOLO
56%
You
56%
Die Trying
44%
Jingle Bell Rock
44%
Regret of the Times
44%
Beautiful Christmas
33%
By Your Side
11%
Get Goin
0%
No matching quizzes found
Score Distribution
Percent of People with Each Score
Percentile by Number Answered
Your Score History
You have not taken this quiz since the last reset